[Event "Washington State-ch"]
[Site "Seattle"]
[Date "2010.02.07"]
[Round "4"]
[White "Hadzic, Huso"]
[Black "Perez, Ignacio"]
[Result "1/2-1/2"]
[WhiteElo "2229"]
[BlackElo "2248"]
[PlyCount "63"]
[EventDate "2010.02.06"]
[EventType "tourn"]
[EventRounds "9"]
[EventCountry "USA"]
[SourceTitle "EXT 2017"]
[Source "ChessBase"]
[SourceDate "2016.10.25"]
[SourceVersion "1"]
[SourceVersionDate "2016.10.25"]
[SourceQuality "1"]

1. e4 g6 2. d4 Bg7 3. Nc3 d6 4. f4 Nh6 5. Nf3 0-0 6. Bd3 Na6 7. Be3 Ng4 8. Bg1 c5 9. h3 cxd4 10. Nxd4 Nf6 11. Bxa6 bxa6 12. Qd3 Bb7 13. Be3 Rc8 14. Nde2 Qa5 15. 0-0 Rc7 16. a3 Rfc8 17. f5 Rc4 18. fxg6 hxg6 19. Ng3 Nd7 20. Qd2 Ne5 21. Qf2 e6 22. Bxa7 Qc7 23. Be3 d5 24. exd5 exd5 25. Nge2 d4 26. Nxd4 Rxd4 27. Bxd4 Nf3+ 28. gxf3 Bxd4 29. Qxd4 Qg3+ 30. Kh1 Qxh3+ 31. Kg1 Qg3+ 32. Kh1 1/2-1/2

[Event "Washington Challengers Cup"]
[Site "Tacoma"]
[Date "2007.12.29"]
[Round "2"]
[White "Warrier, Krishnan"]
[Black "Hadzic, Huso"]
[Result "0-1"]
[WhiteElo "1693"]
[BlackElo "2190"]
[PlyCount "48"]
[EventDate "2007.12.28"]
[EventType "swiss"]
[EventRounds "4"]
[EventCountry "USA"]
[SourceTitle "EXT 2017"]
[Source "ChessBase"]
[SourceDate "2016.10.25"]
[SourceVersion "1"]
[SourceVersionDate "2016.10.25"]
[SourceQuality "1"]

1. Nf3 c5 2. c4 Nc6 3. g3 g6 4. Bg2 Bg7 5. Nc3 e6 6. 0-0 Nge7 7. e3 d5 8. d4 cxd4 9. Nxd4 0-0 10. cxd5 Nxd4 11. exd4 Nxd5 12. Nxd5 exd5 13. Qb3 Be6 14. Be3 Qd7 15. Rac1 Rac8 16. Rfe1 h6 17. Qd3 Kh7 18. Bd2 Bf5 19. Qb3 Bxd4 20. Bxd5 Rcd8 21. Bb4 Rfe8 22. Bxf7 Bxf2+ 23. Kxf2 Qd4+ 24. Kf1 Bh3# 0-1

[Event "Washington Class-ch Master"]
[Site "Seattle"]
[Date "2007.11.25"]
[Round "6"]
[White "Greninger, Harley"]
[Black "Hadzic, Huso"]
[Result "1/2-1/2"]
[WhiteElo "2278"]
[BlackElo "2241"]
[PlyCount "53"]
[EventDate "2007.11.23"]
[EventType "swiss"]
[EventRounds "6"]
[EventCountry "USA"]
[SourceTitle "EXT 2017"]
[Source "ChessBase"]
[SourceDate "2016.10.25"]
[SourceVersion "1"]
[SourceVersionDate "2016.10.25"]
[SourceQuality "1"]

1. d4 Nf6 2. Nf3 e6 3. e3 d5 4. Bd3 Be7 5. b3 b6 6. Bb2 Bb7 7. 0-0 0-0 8. Nbd2 Nbd7 9. Ne5 c5 10. f4 Rc8 11. Qf3 Qc7 12. Qh3 Ne4 13. Ndf3 f5 14. g4 Nxe5 15. Nxe5 Bd6 16. gxf5 exf5 17. Bxe4 dxe4 18. Rf2 Bxe5 19. dxe5 Bd5 20. Rd2 Rcd8 21. Rad1 Be6 22. Rd6 Qe7 23. Qg2 Rd7 24. Rxd7 Bxd7 25. Rd6 Be6 26. Qd2 Re8 27. a4 1/2-1/2